| 000 | 00414 a2200157 4500 | ||
|---|---|---|---|
| 005 | 20250621095149.0 | ||
| 020 | _a978-0-07-340282-6 | ||
| 082 | _a331 BOR | ||
| 100 | _aBORJAS, G. | ||
| 245 | _aLabor Economics. | ||
| 250 | _a4thEd. | ||
| 260 |
_aNew York, _bMcGraw-Hill, _c2008. |
||
| 300 |
_axvi,544p.: ill.; figure, table. _bIndex _c24cm |
||
| 856 |
_yAccess Online Book. _fEconomic _dwww.mhhe.com |
||
| 942 |
_2ddc _cBKS |
||
| 999 |
_c481 _d481 |
||